| 000 | 01233nam a2200337 a 4500 | ||
|---|---|---|---|
| 001 | ebr10081792 | ||
| 003 | CaPaEBR | ||
| 006 | m u | ||
| 007 | cr cn||||||||| | ||
| 008 | 041210s2005 dcua s 000 0ceng | ||
| 010 | _z 2004061968 | ||
| 020 | _z1563683210 (alk. paper) | ||
| 040 |
_aCaPaEBR _cCaPaEBR |
||
| 035 | _a(OCoLC)70774233 | ||
| 050 | 1 | 4 |
_aHV2373 _b.D43 2005eb |
| 082 | 0 | 4 |
_a305.9/082/0922 _222 |
| 245 | 0 | 0 |
_aDeaf women's lives _h[electronic resource] : _bthree self-portraits / _cEileen Katz ... [et al.]. |
| 260 |
_aWashington, D.C. : _bGallaudet University Press, _c2005. |
||
| 300 |
_ax, 304 p. : _bill. |
||
| 490 | 1 | _aDeaf lives | |
| 533 |
_aElectronic reproduction. _bPalo Alto, Calif. : _cebrary, _d2013. _nAvailable via World Wide Web. _nAccess may be limited to ebrary affiliated libraries. |
||
| 600 | 1 | 0 | _aCyrus, Bainy. |
| 600 | 1 | 0 | _aKatz, Eileen. |
| 600 | 1 | 0 |
_aParsons, Frances M., _d1923- |
| 650 | 0 |
_aDeaf women _vBiography. |
|
| 655 | 7 |
_aElectronic books. _2local |
|
| 700 | 1 | _aKatz, Eileen. | |
| 710 | 2 | _aebrary, Inc. | |
| 830 | 0 | _aDeaf lives. | |
| 856 | 4 | 0 |
_uhttp://site.ebrary.com/lib/rucke/Doc?id=10081792 _zAn electronic book accessible through the World Wide Web; click to view |
| 999 |
_c156747 _d156747 |
||